[Event "AUT-chT2W 1819"]
[Site "Austria"]
[Date "2019.02.09"]
[Round "7.6"]
[White "Ritzer, Franz"]
[Black "Wollrab, Richard"]
[Result "1-0"]
[WhiteElo "1822"]
[BlackElo "2145"]
[PlyCount "69"]
[EventDate "2018.10.12"]
[EventType "team-tourn"]
[EventRounds "11"]
[EventCountry "AUT"]
[SourceTitle "CBM 189 Extra"]
[Source "ChessBase"]
[SourceDate "2019.05.31"]
[SourceVersion "1"]
[SourceVersionDate "2019.05.31"]
[SourceQuality "1"]
[WhiteTeam "Rochade Rum"]
[BlackTeam "Salzburg ASK"]
[WhiteTeamCountry "AUT"]
[BlackTeamCountry "AUT"]

1. Nf3 Nf6 2. g3 c5 3. c4 Nc6 4. Nc3 g6 5. Bg2 Bg7 6. 0-0 d5 7. cxd5 Nxd5 8. Qb3 Nxc3 9. dxc3 0-0 10. Rd1 Qc7 11. e4 Be6 12. Qc2 Rad8 13. Be3 b6 14. b3 h6 15. h3 Kh7 16. Rac1 Rxd1+ 17. Rxd1 Rd8 18. Rxd8 Qxd8 19. Ne1 Qd7 20. Kh2 Qc8 21. Nd3 c4 22. Ne1 cxb3 23. axb3 Qa6 24. f4 Qa3 25. c4 Na5 26. f5 Bxc4 27. fxg6+ fxg6 28. bxc4 Qxe3 29. Nd3 Bd4 30. h4 Nb7 31. h5 Nc5 32. hxg6+ Kg7 33. Nf4 e5 34. Nd5 Nd3 35. Nxe3 1-0